000 00631nam a2200205 a 4500
005 20240320063633.0
008 140331s2005 es r 000 0 spa d
020 _a842635646X
035 _aUPN01000196651
049 _aI
050 4 _aPZ24.9
_bS5.8
100 1 _aSlegers, Liesbet,
_d1975-
_930022
245 1 0 _a¿Qué estoy haciendo? /
_cLiesbet Slegers ; tr. Agustín Gervás.
260 _aZaragoza, Esp. :
_bLuis Vives,
_c2005.
300 _a[6] h. pleg. :
_bprincipalmente il. col.
534 _pTítulo original:
_tWat dor ik?
650 4 _aCuentos infantiles belgas
_910768
905 _aInfantil
999 _c168752
_d168752